00806 2200313 4500001002100000005001500021035002000036007000300056008004100059040001700100100001400117245004700131250001000178300002700188504003000215020002200245041000800267082000800275084001400283090001900297260003600316500003000352650001700382850001000399990001900409990002300428990002300451990001800474INLIS00000000000304220260529095600 a0010-0321000005ta260529 0  aSBPUPADbind0 aSjafrizal1 aEkonomi Wilayah dan Perkotaan /cSjafrizal aCet.1 axvi, 308 hlm. ;c23 cm aBibliografi, hlm 301-306 a978-979-769-454-8 aind a330 a330 SJA e a330 SJA e 10-1 aJakarta :bRaja Grafindo,c2012 aBiodata penulis, hlm 307 4aIlmu Ekonomi aPUPAD a14184/Pon/2014 a14182/BR/KAPD/2014 a14183/BR/KAPD/2014 a14184/Br.2014